[Event "GER Pfingstopen U12"]
[Site "Playchess.com INT"]
[Date "2020.06.02"]
[Round "5"]
[White "Buchinger, Alexis"]
[Black "Kiefel, Dennis"]
[Result "1-0"]
[WhiteElo "1643"]
[BlackElo "1620"]
[PlyCount "89"]
[EventDate "2020.06.02"]
[EventType "swiss (blitz)"]
[EventRounds "11"]
[EventCountry "GER"]
[SourceTitle "CBM 197 Extra"]
[Source "ChessBase"]
[SourceDate "2020.09.30"]
[SourceVersion "1"]
[SourceVersionDate "2020.09.30"]
[SourceQuality "1"]

1. e4 e5 2. Nf3 Nc6 3. Bc4 d6 4. d4 Be7 5. dxe5 d5 6. exd5 Na5 7. Bb5+ c6 8. dxc6 Qxd1+ 9. Kxd1 bxc6 10. Be2 Bg4 11. Bd2 Bxf3 12. Bxf3 Nc4 13. Bxc6+ Kd8 14. Bxa8 Nxb2+ 15. Ke1 Nc4 16. Bd5 Nxe5 17. Bc3 Bd6 18. Nd2 Nf6 19. Bxe5 Bxe5 20. Rd1 Nxd5 21. Nf3 Bc3+ 22. Kf1 Ke7 23. Rxd5 Rb8 24. g3 Rb1+ 25. Kg2 Ke6 26. Rxb1 Kxd5 27. Rb7 Ke4 28. Rxf7 a5 29. Rc7 Bb4 30. Rxg7 h5 31. Rh7 h4 32. Rxh4+ Kd5 33. Rd4+ Kc5 34. Rg4 Kb5 35. Nd4+ Ka4 36. Nc6 Ka3 37. Nxb4 axb4 38. h4 Kxa2 39. Rxb4 Ka3 40. Rb8 Ka2 41. h5 Ka1 42. h6 Ka2 43. h7 Ka3 44. h8Q Ka4 45. Qa1# 1-0